000 004700000a22001570004500
003 MACL
005 20171122132835.0
008 171122b xxu||||| |||| 00| 0 eng d
040 _cMACL
100 _aडॉ राधेश्‍याम
_969473
245 _aजयहिन्‍द
260 _bहिन्‍दी सेवा सदन
_c2002
_aमथुरा
350 _a30
650 _aचिल्‍ड्रन
_969474
942 _cHIN
_k741.642
_2ddc
999 _c10395
_d10395